Statistics for 2019-2020 Buffalo Bills Current Roster

Click here to take the quiz!

General Stats

  • This quiz has been taken 198 times
    (196 since last reset)
  • The average score is 16 of 40

Answer Stats

HintAnswer% Correct
QBJosh Allen
100%
RBDevin Singletary
88%
WRCole Beasley
76%
WRJohn Brown
75%
CBTre'Davious White
72%
SSMicah Hyde
67%
QBMatt Barkley
62%
FSJordan Poyer
59%
CoachSean McDermott
59%
RBFrank Gore
58%
LBMatt Milano
52%
LBTremaine Edmunds
52%
DTEd Oliver
48%
CBLevi Wallace
45%
CBTaron Johnson
44%
OLDion Dawkins
42%
KStephen Hauschka
42%
OLMitch Morse
39%
TELee Smith
38%
WRZay Jones
38%
TETyler Kroft
36%
DTJordan Phillips
32%
LBLorenzo Alexander
32%
WRRobert Foster
32%
LBMaurice Alexander
30%
FBPatrick DiMarco
30%
WRAndre Roberts
29%
LSReid Ferguson
28%
DEShaq Lawson
26%
PCorey Bojorquez
25%
OLJon Feliciano
25%
DETrent Murphy
24%
QBTyree Jackson
21%
DTStar Lotulelei
16%
OLTy Nsekhe
16%
TEJason Croom
12%
DEJerry Hughs
7%
CBEJ Gaines
6%
OLSpencer Long
5%
FSRafael Bush
1%

Score Distribution

Percentile by Number Answered

Percent of People with Each Score

Your Score History

You have not taken this quiz since the last reset